000 01278nam a2200337 a 4500
001 ebr10455553
003 CaPaEBR
006 m u
007 cr cn|||||||||
008 020429s2002 enk sb 001 0 eng d
010 _z 2003428045
020 _z1902683617 (hbk.)
020 _z1902683625 (pbk.)
020 _z9781902683621
020 _z9781844653416 (e-book)
040 _aCaPaEBR
_cCaPaEBR
035 _a(OCoLC)715185022
050 1 4 _aBD581
_b.E45 2002eb
100 1 _aEllis, B. D.
_q(Brian David),
_d1929-
245 1 4 _aThe philosophy of nature
_h[electronic resource] :
_ba guide to the new essentialism /
_cBrian Ellis.
260 _aChesham [England] :
_bAcumen,
_c2002.
300 _av, 185 p.
504 _aIncludes bibliographical references and index.
533 _aElectronic reproduction.
_bPalo Alto, Calif. :
_cebrary,
_d2013.
_nAvailable via World Wide Web.
_nAccess may be limited to ebrary affiliated libraries.
650 0 _aPhilosophy of nature.
650 0 _aEssentialism (Philosophy)
650 0 _aNecessity (Philosophy)
655 7 _aElectronic books.
_2local
710 2 _aebrary, Inc.
856 4 0 _uhttp://site.ebrary.com/lib/rucke/Doc?id=10455553
_zAn electronic book accessible through the World Wide Web; click to view
999 _c226077
_d226077